[Event "31st Taminco Open"]
[Site "Ghent BEL"]
[Date "2008.07.20"]
[Round "4"]
[White "Wubben,M"]
[Black "De Jong,JW"]
[Result "0-1"]
[WhiteElo "2158"]
[BlackElo "2479"]

1.d4 Nf6 2.c4 g6 3.Nc3 d5 4.cxd5 Nxd5 5.e4 Nxc3 6.bxc3 Bg7 7.Bb5+ c6 8.Bc4 O-O
9.Ne2 c5 10.O-O Nc6 11.Be3 Qc7 12.Rc1 Rd8 13.Bf4 Qd7 14.d5 Na5 15.Bb3 b5
16.Qd2 c4 17.Bc2 e5 18.Bh6 f6 19.Rcd1 Nb7 20.Be3 Qe7 21.f4 Bh6 22.Kh1 Bg4
23.fxe5 Bxe3 24.Qxe3 fxe5 25.Rf2 Rf8 26.Rdf1 Bxe2 27.Qxe2 Qc5 28.Rf6 Rxf6
29.Rxf6 Rf8 30.Qf3 a5 31.h4 Kg7 32.Rxf8 Qxf8 33.Qg4 Nc5 34.a3 Qf4 35.Qxf4 exf4
36.e5 Nd3 37.e6 Kf6 38.Kg1 b4 39.axb4 axb4 40.Kf1 bxc3 41.Ke2 f3+ 42.gxf3 Nf4+
43.Ke3 Nxd5+ 44.Kd4 Nb6  0-1

[Event "Politiken Cup"]
[Site "Helsingor DEN"]
[Date "2008.07.20"]
[Round "2"]
[White "Molvig,H"]
[Black "Lyngsjo,H"]
[Result "1-0"]
[WhiteElo "2204"]
[BlackElo "1951"]

1.d4 Nf6 2.c4 g6 3.Nc3 d5 4.cxd5 Nxd5 5.e4 Nxc3 6.bxc3 Bg7 7.Bc4 c5 8.Ne2 O-O
9.O-O Nc6 10.Be3 Bd7 11.Rb1 Qc7 12.Qd2 Rad8 13.Bf4 Qc8 14.Rfc1 a6 15.Bd3 e5
16.Bg5 Rde8 17.d5 Ne7 18.c4 f5 19.f3 Qc7 20.Qb2 Bc8 21.Qb6 Qxb6 22.Rxb6 f4
23.Nc3 h6 24.Bh4 g5 25.Bf2 g4 26.Bxc5 Rf6 27.Rcb1 gxf3 28.gxf3 Rg6+ 29.Rxg6 Nxg6
30.Bf2 Kf7 31.d6 Bf6 32.c5 Nh4 33.Bc4+ Kg6 34.Bxh4 Bxh4 35.Rb6 Kh7 36.Rb2 Kh8
37.Na4 Be1 38.Kf1 Ba5 39.Ke2 Bd7 40.Nb6 Bc6 41.Kd3 Rf8 42.Bd5 Bxd5 43.Nxd5 Rg8
44.Rxb7 Rg2 45.Nf6 Rd2+ 46.Kc4  1-0

[Event "Politiken Cup"]
[Site "Helsingor DEN"]
[Date "2008.07.20"]
[Round "2"]
[White "Peschardt,S"]
[Black "Evdokimov,Alexa"]
[Result "0-1"]
[WhiteElo "2137"]
[BlackElo "2555"]

1.d4 Nf6 2.c4 g6 3.Nc3 d5 4.cxd5 Nxd5 5.e4 Nxc3 6.bxc3 Bg7 7.Be3 c5 8.Bc4 O-O
9.Ne2 Qc7 10.Rc1 Nc6 11.O-O Rd8 12.h3 b6 13.Qd2 Bb7 14.f4 Na5 15.Bd3 e6 16.f5 exf5
17.exf5 Re8 18.Rf2 Be4 19.Bxe4 Rxe4 20.fxg6 hxg6 21.Bf4 Qd7 22.Ng3 Ree8 23.dxc5 Qxd2
24.Rxd2 bxc5 25.Rd5 Rac8 26.h4 Nc4 27.h5 Re6 28.Rd7 a5 29.h6 Bf6 30.Kf2 Rce8
31.h7+ Kg7 32.Rh1 Bxc3 33.Bh6+ Kh8 34.Rxf7 Bd4+  0-1

[Event "Canadian Open"]
[Site "Montreal CAN"]
[Date "2008.07.21"]
[Round "3"]
[White "Bartholomew,J"]
[Black "Kiran,M"]
[Result "1-0"]
[WhiteElo "2440"]
[BlackElo "2246"]

1.d4 Nf6 2.c4 g6 3.Nc3 d5 4.cxd5 Nxd5 5.e4 Nxc3 6.bxc3 Bg7 7.Bc4 c5 8.Ne2 Nc6
9.Be3 O-O 10.O-O Bd7 11.Rb1 Qc7 12.Bf4 Qc8 13.d5 Na5 14.Bd3 a6 15.Qd2 b5
16.Bh6 e6 17.Bxg7 Kxg7 18.c4 Nxc4 19.Bxc4 bxc4 20.Qc3+ f6 21.dxe6 Bxe6 22.Nf4 Kg8
23.Rb6 Qc7 24.Rxe6 Qxf4 25.Qxc4 Rf7 26.Qxc5 Kg7 27.g3 Qg4 28.Re7 Rf8 29.Re1 Rxe7
30.Qxe7+ Rf7 31.Qd6 Qc8 32.e5 fxe5 33.Qxe5+ Rf6 34.Qd4 Qf5 35.Re7+ Kg8 36.h4 a5
37.Qa7 Rf7 38.Rxf7 Qxf7 39.Qxa5 Qd7 40.a4 Qd1+ 41.Kg2 Qc2 42.Qa8+ Kg7 43.a5  1-0

[Event "Politiken Cup"]
[Site "Helsingor DEN"]
[Date "2008.07.22"]
[Round "5"]
[White "Eljanov,P"]
[Black "Cmilyte,V"]
[Result "1-0"]
[WhiteElo "2716"]
[BlackElo "2508"]

1.d4 Nf6 2.c4 g6 3.Nc3 d5 4.cxd5 Nxd5 5.e4 Nxc3 6.bxc3 Bg7 7.Qa4+ Qd7 8.Qb3 O-O
9.Nf3 c5 10.d5 e6 11.Bc4 exd5 12.Bxd5 Na6 13.Bf4 Nc7 14.Bxc7 Qxc7 15.O-O c4
16.Qb4 Be6 17.Bxe6 fxe6 18.Rfe1 a5 19.Qb2 b5 20.e5 Rxf3 21.gxf3 Bxe5 22.Qxb5 Bxc3
23.Rxe6 Bxa1 24.Qd5 Kg7 25.Qxa8 Bf6 26.Rc6 Qf4 27.Qa7+ Kh6 28.Qe3  1-0

[Event "XXVI Andorra Open"]
[Site "La Massana AND"]
[Date "2008.07.22"]
[Round "4"]
[White "Estremera Panos,S"]
[Black "Fluvia Poyatos,Jor"]
[Result "1/2-1/2"]
[WhiteElo "2394"]
[BlackElo "2500"]

1.d4 Nf6 2.c4 g6 3.Nc3 d5 4.cxd5 Nxd5 5.e4 Nxc3 6.bxc3 Bg7 7.Nf3 c5 8.Bb5+ Nd7
9.O-O O-O 10.a4 Nf6 11.Qd3 Bg4 12.Ne5 Be6 13.d5 Bc8 14.f4 Ne8 15.Bxe8 Rxe8
16.Be3 Qc7 17.Qb5 Rd8 18.Qxc5 Bxe5 19.fxe5 Qxe5 20.Bd4 Qd6 21.Qb5 Bd7 22.Qe2 e5
23.dxe6 fxe6 24.Rf6 Rf8 25.Qf2 Qe7 26.e5 Rxf6 27.exf6 Qf7 28.Be5 Bc6 29.Qd4 Qd7
30.Rf1 Qxd4+ 31.cxd4  1/2-1/2

[Event "ch-AUT"]
[Site "Leoben AUT"]
[Date "2008.07.22"]
[Round "4"]
[White "Baumegger,S"]
[Black "Neubauer,M"]
[Result "1-0"]
[WhiteElo "2433"]
[BlackElo "2457"]

1.d4 Nf6 2.c4 g6 3.Nc3 d5 4.cxd5 Nxd5 5.e4 Nxc3 6.bxc3 Bg7 7.Be3 c5 8.Qd2 Qa5
9.Nf3 Nc6 10.Rb1 b6 11.Rc1 O-O 12.d5 Rd8 13.Be2 e6 14.Bg5 Rd7 15.O-O exd5
16.exd5 Ba6 17.Bxa6 Qxa6 18.Rfd1 Ne5 19.Nxe5 Bxe5 20.Re1 Bg7 21.Re4 b5 22.Rce1 h5
23.Re7 Qd6 24.Rxd7 Qxd7 25.d6 Bf8 26.Qd5 Re8 27.Rxe8 Qxe8 28.Be3 Qd7 29.Bxc5 Kh7
30.h3 Bg7 31.Bd4 f6 32.Bxa7  1-0

[Event "19th Czech Chladek & Tintera A Open"]
[Site "Pardubice CZE"]
[Date "2008.07.22"]
[Round "5"]
[White "Meyer,Mal"]
[Black "Khmelniker,I"]
[Result "0-1"]
[WhiteElo "2321"]
[BlackElo "2448"]

1.d4 Nf6 2.c4 g6 3.Nc3 d5 4.cxd5 Nxd5 5.e4 Nxc3 6.bxc3 Bg7 7.Bc4 c5 8.Ne2 Nc6
9.Be3 O-O 10.O-O Bg4 11.f3 Bd7 12.Qd2 Rc8 13.d5 Ne5 14.Bb3 Bb5 15.Rfc1 Qa5
16.Rab1 Qa6 17.Nf4 Rfd8 18.a4 Bc4 19.Bc2 e6 20.Qf2 b6 21.Rd1 exd5 22.exd5 Qa5
23.d6 Rc6 24.Qh4 Rdxd6 25.Be4 Qxc3 26.Bf2 Bf6 27.Qh6 Rxd1+ 28.Rxd1 Rd6 29.Re1 Ng4
30.fxg4 Bd4 31.Rb1 Bxf2+ 32.Kxf2 Rd2+  0-1

[Event "19th Czech Chladek & Tintera A Open"]
[Site "Pardubice CZE"]
[Date "2008.07.22"]
[Round "5"]
[White "Beck,F"]
[Black "Petr,Ma"]
[Result "0-1"]
[WhiteElo "2335"]
[BlackElo "2451"]

1.d4 Nf6 2.c4 g6 3.Nc3 d5 4.cxd5 Nxd5 5.e4 Nxc3 6.bxc3 Bg7 7.Bc4 c5 8.Ne2 Nc6
9.Be3 O-O 10.O-O Qc7 11.Rc1 Rd8 12.Qa4 Na5 13.Bd5 e6 14.Bf4 Qe7 15.Bc4 Nxc4
16.Qxc4 b6 17.Rcd1 Bb7 18.d5 exd5 19.exd5 Re8 20.Rfe1 Rad8 21.d6 Qe4 22.Qxe4 Rxe4
23.d7 Re7 24.Ng3 Rdxd7 25.h3 Rxd1 26.Rxd1 Bxc3 27.Rd8+ Kg7 28.Bd6 Re1+ 29.Kh2 Bc6
30.Bf8+ Kf6 31.Rd6+ Re6 32.Rxc6 Rxc6 33.Ne4+ Ke5 34.Nxc3 Kd4 35.Bg7+ f6 36.Ne2+ Kd3
37.Nf4+ Ke4 38.Kg3 c4 39.f3+ Kd4 40.Kf2 c3 41.Ke2 c2 42.Nd3 Kc3 43.Nc1 Re6+
44.Kf2 Kb2 45.Bh6 g5  0-1

[Event "19th Czech Chladek & Tintera A Open"]
[Site "Pardubice CZE"]
[Date "2008.07.23"]
[Round "6"]
[White "Ni,V"]
[Black "Grandelius,N"]
[Result "0-1"]
[WhiteElo "2129"]
[BlackElo "2366"]

1.d4 Nf6 2.c4 g6 3.Nc3 d5 4.cxd5 Nxd5 5.e4 Nxc3 6.bxc3 Bg7 7.Bc4 c5 8.Ne2 O-O
9.O-O Nc6 10.Be3 Bd7 11.Rb1 a6 12.dxc5 Na5 13.Bd3 Qc7 14.Nd4 Rfd8 15.Qe1 Rac8
16.f4 e5 17.fxe5 Bxe5 18.Nf3 Bg7 19.c6 Qxc6 20.Bb6 Rf8 21.Bxa5 Qc5+ 22.Kh1 Qxa5
23.Rxb7 Be6 24.Ra7 Rxc3 25.Qd2 Qd8 26.Rd1 Qb8 27.Qf2 Rd8 28.Rb1 Qxb1+ 29.Bxb1 Rc1+
30.Ne1 Bc3 31.h3 Rxe1+ 32.Kh2 Be5+ 33.g3 Rxb1  0-1

[Event "III Open"]
[Site "Oviedo ESP"]
[Date "2008.07.25"]
[Round "3"]
[White "Rodriguez Garcia,JoseAn"]
[Black "Alvarez Fernandez,JM"]
[Result "0-1"]
[WhiteElo "2013"]
[BlackElo "1708"]

1.d4 Nf6 2.c4 g6 3.Nc3 d5 4.cxd5 Nxd5 5.e4 Nxc3 6.bxc3 Bg7 7.Be3 c5 8.Qd2 cxd4
9.cxd4 O-O 10.Nf3 Nc6 11.Be2 Bg4 12.Rd1 Na5 13.Rc1 Rc8 14.Rxc8 Bxc8 15.O-O Nc6
16.h3 a6 17.Rd1 Qc7 18.Bh6 Rd8 19.Bxg7 Kxg7 20.Qb2 Kg8 21.Rc1 Qf4 22.d5 Nb8
23.Qc2 Bd7 24.g3 Qd6 25.Bf1 Rc8 26.Qd2 Rxc1 27.Qxc1 Kg7 28.Qb2+ Qf6 29.Qxf6+ Kxf6
30.Kg2 Ba4 31.e5+ Kg7 32.Nd4 Nd7 33.f4 Nb6 34.d6 exd6 35.exd6 Nc8 36.d7 Bxd7
37.Bc4 Nd6 38.Bd5 Bc8 39.g4 b5 40.Kf2 Bb7 41.Bxb7 Nxb7 42.Ke3 Kf6 43.Ke4 Nc5+
44.Kd5 Nd3 45.Ne2 Nb4+ 46.Kc5 Nxa2 47.Nd4 Nc3 48.h4 h6 49.f5 Ne4+ 50.Kb6 b4
51.Kxa6 Nc5+ 52.Kb5 b3 53.Ne2 Ne4 54.Nf4 b2  0-1

[Event "19th Czech Chladek & Tintera A Open"]
[Site "Pardubice CZE"]
[Date "2008.07.25"]
[Round "8"]
[White "Plischki,S"]
[Black "Przezdziecka,M"]
[Result "0-1"]
[WhiteElo "2402"]
[BlackElo "2281"]

1.d4 Nf6 2.c4 g6 3.Nc3 d5 4.cxd5 Nxd5 5.e4 Nxc3 6.bxc3 Bg7 7.Bc4 c5 8.Ne2 Nc6
9.Be3 O-O 10.O-O Na5 11.Bd3 b6 12.Rc1 e5 13.dxc5 Be6 14.c4 bxc5 15.Bxc5 Bh6
16.Bxf8 Bxc1 17.Nxc1 Qxf8 18.Qa4 Qd8 19.Qb5 a6 20.Qxe5 Nxc4 21.Qf4 Rc8 22.h4 a5
23.Re1 a4 24.h5 Qa5 25.Re2 Qxh5 26.Rc2 Qd1+ 27.Kh2 Rc5 28.e5 Qh5+ 29.Kg1 Qd1+
30.Kh2 Rxe5 31.Rxc4 Qh5+ 32.Kg1 Re1+ 33.Bf1 Rxf1+  0-1

[Event "83rd ch-ARG s/f"]
[Site "Buenos Aires ARG"]
[Date "2008.07.26"]
[Round "6"]
[White "Meza,Hu"]
[Black "Pierrot,F"]
[Result "0-1"]
[WhiteElo "2273"]
[BlackElo "2421"]

1.d4 Nf6 2.c4 g6 3.Nc3 d5 4.cxd5 Nxd5 5.e4 Nxc3 6.bxc3 Bg7 7.Bc4 c5 8.Be3 Qa5
9.Ne2 cxd4 10.Bxd4 Bxd4 11.Qxd4 O-O 12.h4 Nc6 13.Qe3 Ne5 14.Bd5 e6 15.Bb3 Qc5
16.Qd4 b6 17.h5 Ba6 18.hxg6 hxg6 19.Nf4 Rfd8 20.Qxc5 bxc5 21.Rd1 Rab8 22.f3 Rxd1+
23.Kxd1 c4 24.Bc2 Rb2 25.Kd2 Nd3 26.Ne2 Rxa2 27.Rb1 Kg7 28.Nd4 Bc8 29.Rb8 Bd7
30.Rb7 Nc5 31.Rb4 Nb3+ 32.Kd1 Na1 33.Kc1 Nxc2 34.Nxc2 Ba4 35.Rb2 Rxb2 36.Kxb2 Bxc2
37.Kxc2 Kf6 38.Kb2 Ke5 39.Ka3 f5 40.exf5 gxf5 41.Kb4 Kf4 42.Kxc4 e5 43.Kd3 a5
44.c4 e4+ 45.fxe4 fxe4+ 46.Kc3 a4 47.c5 Ke5 48.g4 a3 49.c6 Kd6  0-1

[Event "34th Open"]
[Site "Sitges ESP"]
[Date "2008.07.26"]
[Round "5"]
[White "Cruz,Cr"]
[Black "Konguvel,P"]
[Result "1/2-1/2"]
[WhiteElo "2508"]
[BlackElo "2415"]

1.d4 Nf6 2.c4 g6 3.Nc3 d5 4.cxd5 Nxd5 5.e4 Nxc3 6.bxc3 Bg7 7.Bc4 c5 8.Ne2 Nc6
9.Be3 O-O 10.O-O Qc7 11.Rc1 Rd8 12.Qd2 Qa5 13.Rfd1 Bg4 14.Qb2 cxd4 15.cxd4 Qb4
16.Qxb4 Nxb4 17.f3 Bd7 18.d5 Rdc8 19.a3 Ba4 20.Rd2 Na6 21.Bxa6 Rxc1+ 22.Nxc1 bxa6
23.Ne2 a5 24.Nd4 Bxd4 25.Bxd4 Rc8 26.Bxa7 Rc1+ 27.Kf2 Rc2 28.Ke3 Rxd2 29.Kxd2 Bb5
30.g3 Kf8 31.Kc3 Be2 32.f4 Ke8 33.Kd4 Kd7 34.Bb6 a4 35.Bc5 Bf3 36.Ke5 Bh1
37.g4 Bf3 38.g5 Bh1 39.h4 Bg2 40.Bb4 Bf3 41.f5 Bg4 42.d6 e6 43.fxe6+ Bxe6
44.Kf6 Ke8 45.Kg7 Kd7 46.Kxh7 Bb3 47.Kg7 Bc4 48.Kf6 Bb3 49.e5 Bc4 50.Kg7 Bb3
51.Kh6 Bc4 52.h5 gxh5 53.Kxh5 Ke6 54.Kh6 Kd7 55.Kg7 Ke6 56.Bc3 Bb5 57.Kf8 Bc6
58.Ba5 Bb5 59.Bd8 Bc6 60.Bf6 Bb5 61.Kg7 Bc6 62.g6 fxg6 63.Kxg6 Be8+ 64.Kg5 Bd7
65.Kf4 Bc6 66.Ke3 Bd7 67.Kd4 Bc6 68.Kc5 Bd7 69.Kb4 Bc6 70.Kc5 Bd7  1/2-1/2

[Event "34th Open"]
[Site "Sitges ESP"]
[Date "2008.07.28"]
[Round "7"]
[White "Cruz,Cr"]
[Black "Jerez Perez,A"]
[Result "1/2-1/2"]
[WhiteElo "2508"]
[BlackElo "2410"]

1.d4 Nf6 2.c4 g6 3.Nc3 d5 4.cxd5 Nxd5 5.e4 Nxc3 6.bxc3 Bg7 7.Bc4 O-O 8.Ne2 c5
9.O-O Nc6 10.Be3 Bg4 11.f3 Bd7 12.Rb1 Rc8 13.dxc5 Qc7 14.Bb5 Rfd8 15.Bxc6 Bxc6
16.Qc2 e5 17.c4 Qa5 18.Nc3 Bf8 19.Nb5 a6 20.Nd6 Bxd6 21.cxd6 Rxd6 22.Bb6 Qd2
23.Qxd2 Rxd2 24.Rf2 Rd3  1/2-1/2

[Event "41st Festival MTO"]
[Site "Biel SUI"]
[Date "2008.07.29"]
[Round "8"]
[White "Berczes,D"]
[Black "Kritz,L"]
[Result "1/2-1/2"]
[WhiteElo "2458"]
[BlackElo "2610"]

1.d4 Nf6 2.c4 g6 3.Nc3 d5 4.cxd5 Nxd5 5.e4 Nxc3 6.bxc3 Bg7 7.Bc4 c5 8.Ne2 Nc6
9.Be3 O-O 10.O-O Bg4 11.f3 Bd7 12.Rb1 Rc8 13.Bd3 Qc7 14.Kh1 Rfd8 15.Bf4 e5
16.Bg3 cxd4 17.cxd4 Qd6 18.Bh4 Bf6 19.Bxf6 Qxf6 20.d5 Na5 21.Qd2 Rc5 22.Rfc1 Rdc8
23.Rxc5 Rxc5 24.Rc1 Rxc1+ 25.Qxc1 Qd6 26.Qc3 b6 27.Ba6  1/2-1/2

[Event "TIPC Open"]
[Site "Charleroi BEL"]
[Date "2008.07.29"]
[Round "5"]
[White "Remy,Joe"]
[Black "Desinte,D"]
[Result "1-0"]
[WhiteElo "2098"]
[BlackElo "1909"]

1.d4 Nf6 2.c4 g6 3.Nc3 d5 4.cxd5 Nxd5 5.e4 Nxc3 6.bxc3 Bg7 7.Bb5+ Bd7 8.Bd3 c5
9.Ne2 cxd4 10.cxd4 Nc6 11.Be3 Nb4 12.Bc4 O-O 13.O-O Nc6 14.Rb1 Na5 15.Bd5 e6
16.Bxb7 Nxb7 17.Rxb7 Bc6 18.Rb3 Bxe4 19.Nc3 Bc6 20.Qd2 Rb8 21.Rxb8 Qxb8 22.Bh6 Rd8
23.Bxg7 Kxg7 24.Qe3 Qd6 25.Rd1 Bd5 26.f3 Qb6 27.Rd2 Kg8 28.Kf2 Qb7 29.h4 h5
30.Ne2 Qe7 31.Kg3 Qd6+ 32.Nf4 Rb8 33.Qe5 Qxe5 34.dxe5 Rd8 35.Nxd5 exd5 36.f4 Kf8
37.Rd4 Ke7 38.Kf3 Ke6 39.Rd3 Rb8 40.Ra3 Rb7 41.Ra6+ Ke7 42.Ke3 Rd7 43.Kd4 Kd8
44.Rd6 Rxd6 45.exd6 Kc8 46.Kxd5 Kd7 47.Ke5 a5 48.Kf6 Kxd6 49.Kxf7 Kc5 50.Kxg6 Kb4
51.f5 Ka3 52.f6 Kxa2 53.f7 a4 54.f8=Q a3 55.Qf6  1-0

[Event "95th ch-GBR"]
[Site "Liverpool ENG"]
[Date "2008.07.29"]
[Round "2"]
[White "Coathup,R"]
[Black "Knott,S"]
[Result "1/2-1/2"]
[WhiteElo "2105"]
[BlackElo "2365"]

1.d4 Nf6 2.c4 g6 3.Nc3 d5 4.cxd5 Nxd5 5.e4 Nxc3 6.bxc3 Bg7 7.Be3 c5 8.Qd2 Qa5
9.Rb1 b6 10.Bb5+ Bd7 11.Bd3 O-O 12.Ne2 Nc6 13.dxc5 Ne5 14.cxb6 axb6 15.O-O Qxa2
16.Rb2 Qa3 17.Rxb6 Nxd3 18.Qxd3 Bc8 19.Rd1 Ba6 20.Qd2 Rad8 21.Qxd8 Bxe2 22.Qd2 Bxd1
23.Qxd1 Qxc3 24.Rb7 Ra8 25.Ra7 Rxa7 26.Bxa7 Qa1 27.Qxa1 Bxa1 28.f3 e6  1/2-1/2

[Event "ITT Raul Moiraghi"]
[Site "Villa Martelli ARG"]
[Date "2008.07.29"]
[Round "1"]
[White "Guerrero,Alv"]
[Black "Barrionuevo,P"]
[Result "0-1"]
[WhiteElo "2154"]
[BlackElo "2363"]

1.d4 Nf6 2.c4 g6 3.Nc3 d5 4.cxd5 Nxd5 5.e4 Nxc3 6.bxc3 Bg7 7.Rb1 O-O 8.Nf3 c5
9.Be2 Nc6 10.Be3 Qa5 11.O-O cxd4 12.cxd4 Qxa2 13.Qd3 Qa5 14.Rb5 Qd8 15.Rc1 Bg4
16.Rxb7 Bxf3 17.Rxc6 Bxe2 18.Qxe2 Bxd4 19.Rcc7 Bxe3 20.fxe3 Rc8 21.Rxe7 Rc1+
22.Kf2 a5 23.Qf3 Qd3 24.e5 Rf1+ 25.Kg3 Rxf3+ 26.gxf3 Qxe3 27.e6 Qe5+ 28.f4 Qe3+
29.Kg4 Qg1+ 30.Kf3 Qd1+ 31.Kg3 Qd3+ 32.Kg4 Qf5+ 33.Kg3 a4 34.Ra7 Qd3+ 35.Kg4 Qf5+
36.Kg3 Qf6  0-1

[Event "95th ch-GBR"]
[Site "Liverpool ENG"]
[Date "2008.07.30"]
[Round "3"]
[White "Addison,B"]
[Black "Sen,S"]
[Result "1-0"]
[WhiteElo "2244"]
[BlackElo "2050"]

1.d4 Nf6 2.c4 g6 3.Nc3 d5 4.cxd5 Nxd5 5.e4 Nxc3 6.bxc3 Bg7 7.Bc4 O-O 8.Ne2 c5
9.Be3 Nc6 10.Rc1 Qc7 11.h4 Na5 12.Bd3 e5 13.h5 c4 14.Bb1 Rd8 15.Qd2 b5 16.hxg6 hxg6
17.f4 Nc6 18.fxe5 Nxe5 19.Bf4 Bg4 20.Qe3 Qb6 21.dxe5 Qxe3 22.Bxe3 Bxe5 23.Bd4 Bxd4
24.Nxd4 b4 25.Nc6 b3 26.Nxd8 Rxd8 27.O-O Rd2 28.Rf2 Rd6 29.Rb2 Rb6 30.Kf2 a5
31.Ke3 a4 32.a3 Kf8 33.Kf4 Be6 34.Rd1 Ke7 35.Rd4 f6 36.g3 Rb8 37.Rh2 g5+
38.Ke3 Bf7 39.Rh7 Rc8 40.Rd5 Rc7 41.Ra5 Rd7 42.e5 Ke6 43.g4 b2 44.Rb5  1-0

[Event "83rd ch-ARG"]
[Site "La Plata ARG"]
[Date "2008.07.31"]
[Round "2"]
[White "Peralta,Fe"]
[Black "Alonso,S"]
[Result "1/2-1/2"]
[WhiteElo "2558"]
[BlackElo "2437"]

1.d4 Nf6 2.c4 g6 3.Nc3 d5 4.cxd5 Nxd5 5.e4 Nxc3 6.bxc3 Bg7 7.Bc4 c5 8.Ne2 O-O
9.O-O Nc6 10.Be3 Na5 11.Bd3 b6 12.Qd2 e5 13.Bh6 exd4 14.Bxg7 Kxg7 15.cxd4 cxd4
16.f4 Bb7 17.Rac1 Rc8 18.Rxc8 Bxc8 19.f5 Nc6 20.Nf4 Ne5 21.Nd5  1/2-1/2

[Event "95th ch-GBR"]
[Site "Liverpool ENG"]
[Date "2008.08.01"]
[Round "5"]
[White "Elwin,A"]
[Black "Cox,Tr"]
[Result "0-1"]
[WhiteElo "2022"]
[BlackElo "2144"]

1.d4 Nf6 2.c4 g6 3.Nc3 d5 4.cxd5 Nxd5 5.e4 Nxc3 6.bxc3 Bg7 7.Bc4 c5 8.Ne2 cxd4
9.cxd4 Nc6 10.Be3 Qa5+ 11.Qd2 Qxd2+ 12.Kxd2 Bd7 13.Rab1 Rc8 14.Rxb7 Nd8 15.Rxd7 Kxd7
16.Bb5+ Kd6 17.e5+ Kc7 18.Nc3 Nc6 19.Rc1 Rhd8 20.Ne4 Kb7 21.Ba6+ Kxa6 22.Nc5+ Ka5
23.Nb7+ Kb6 24.Nxd8 Rxd8 25.d5+ Kb7  0-1

[Event "13th Pannonia Cup"]
[Site "Balatonalmadi HUN"]
[Date "2008.08.02"]
[Round "5"]
[White "Csolig,R"]
[Black "Kukel,I sr"]
[Result "1-0"]
[WhiteElo "2161"]
[BlackElo "1962"]

1.d4 Nf6 2.c4 g6 3.Nc3 d5 4.cxd5 Nxd5 5.e4 Nxc3 6.bxc3 Bg7 7.Bc4 c5 8.Ne2 cxd4
9.cxd4 Qa5+ 10.Kf1 O-O 11.Be3 Nc6 12.Rc1 Bd7 13.h4 Rac8 14.h5 e6 15.hxg6 hxg6
16.e5 Ne7 17.Bg5 Nd5 18.Qd3 b5 19.Qh3 f6 20.Bxd5 Kf7 21.Rxc8 Bxc8 22.Qf3 exd5
23.exf6 Bh8 24.Qxd5+ Be6 25.Qb7+  1-0

[Event "95th ch-GBR"]
[Site "Liverpool ENG"]
[Date "2008.08.02"]
[Round "6"]
[White "Grigoryan Lyell,M"]
[Black "Knott,S"]
[Result "0-1"]
[WhiteElo "2053"]
[BlackElo "2365"]

1.d4 Nf6 2.c4 g6 3.Nc3 d5 4.cxd5 Nxd5 5.e4 Nxc3 6.bxc3 Bg7 7.Qa4+ Nd7 8.Nf3 O-O
9.Be3 c5 10.Bd3 cxd4 11.cxd4 Nc5 12.Qc2 Nxd3+ 13.Qxd3 Qa5+ 14.Bd2 Qa4 15.O-O Bg4
16.Be3 Bxf3 17.gxf3 Rfd8 18.Rfd1 Bxd4 19.Bxd4 e5 20.Qb3 Qxb3 21.axb3 Rxd4
22.Rxd4 exd4 23.Ra4 Rd8 24.Rxa7 d3 25.Ra1 Kg7 26.f4 Rd4 27.Rd1 Rxe4 28.Rxd3 Rxf4
29.Kg2 h6 30.Kg3 g5 31.Rd5 Rb4 32.Rd3 Kg6 33.f3 f6 34.Re3 h5 35.h3 Kf5 36.Rc3 h4+
37.Kf2 Kf4 38.Rd3 f5 39.Kg2 Ke5 40.Kf2 Rd4 41.Re3+ Kf4 42.Ke2 Kg3 43.Re5 Rf4  0-1

[Event "FSIMB August"]
[Site "Budapest HUN"]
[Date "2008.08.03"]
[Round "2"]
[White "Kahn,E"]
[Black "Farago,S"]
[Result "1/2-1/2"]
[WhiteElo "2317"]
[BlackElo "2271"]

1.d4 Nf6 2.c4 g6 3.Nc3 d5 4.cxd5 Nxd5 5.e4 Nxc3 6.bxc3 Bg7 7.Bc4 O-O 8.Ne2 c5
9.O-O Nc6 10.Be3 Bg4 11.f3 cxd4 12.cxd4 Na5 13.Bxf7+ Rxf7 14.fxg4 Rxf1+ 15.Kxf1 Qd7
16.h3 Rf8+ 17.Kg1  1/2-1/2

[Event "Arctic Chess Challenge"]
[Site "Tromso NOR"]
[Date "2008.08.03"]
[Round "2"]
[White "Agdestein,S"]
[Black "Jaeger,Fro"]
[Result "1-0"]
[WhiteElo "2583"]
[BlackElo "2148"]

1.d4 Nf6 2.c4 g6 3.Nc3 d5 4.cxd5 Nxd5 5.e4 Nxc3 6.bxc3 Bg7 7.Bc4 c5 8.Ne2 Nc6
9.Be3 O-O 10.O-O Na5 11.Bd3 b6 12.f4 Bg4 13.h3 Bxe2 14.Bxe2 cxd4 15.cxd4 Rc8
16.Ba6 Rc3 17.Bf2 Qc7 18.Rc1 Rd8 19.e5 Rxc1 20.Qxc1 Qd7 21.Qa3 e6 22.Rc1 Bf8
23.Qb2 Qa4 24.Bb5 Qa3 25.Qxa3 Bxa3 26.Rc7 Bb2 27.Bd7 a6 28.d5 exd5 29.e6 fxe6
30.Bxb6 Nc4 31.Bxe6+ Kh8 32.Bc5 Nd6 33.Rc6 Ne4 34.Bb6 Rb8 35.Rc8+ Rxc8 36.Bxc8 Nc3
37.Bd4+ Kg8 38.Kf1 a5 39.f5 Kf7 40.g4 gxf5 41.Bxf5 h6 42.Ke1 Nd1 43.Bb6 Nc3
44.Bd4 Nd1 45.Bxb2 Nxb2 46.Kd2 Nc4+ 47.Kc3 Ke7 48.Kd4 Kd6 49.h4 Ne5 50.Ke3 d4+
51.Kxd4 Nf3+ 52.Ke3 Nxh4 53.Be4 Ke5 54.a4 Kf6 55.Kd4 Kg5 56.Kc5 Kxg4 57.Kb5 Nf3
58.Kxa5 h5 59.Bb7 Kf4 60.Kb6 h4 61.Bc8 Nd2 62.Kc6 Nb3 63.Kd5 Na5 64.Be6 Nb7
65.Kd4 Na5 66.Kc5 Ke5 67.Bd5 h3 68.Bh1 h2 69.Kb4  1-0

[Event "Najdorf Memorial Open"]
[Site "Warsaw POL"]
[Date "2008.08.03"]
[Round "2"]
[White "Dziuba,M"]
[Black "Protaziuk,G"]
[Result "1-0"]
[WhiteElo "2570"]
[BlackElo "2328"]

1.d4 Nf6 2.c4 g6 3.Nc3 d5 4.cxd5 Nxd5 5.e4 Nxc3 6.bxc3 Bg7 7.Be3 c5 8.Qd2 Qa5
9.Nf3 Nc6 10.Rb1 a6 11.Rc1 cxd4 12.cxd4 Qxd2+ 13.Kxd2 Bg4 14.d5 Rd8 15.Bxa6 bxa6
16.Rxc6 f5 17.h3 fxe4 18.hxg4 exf3 19.gxf3 Rxd5+ 20.Ke2 O-O 21.Rxa6 Rb8 22.f4 h5
23.Kf3 Kf7 24.Rc1 Rbb5 25.a4 Ra5 26.Rxa5 Rxa5 27.Rc4 Ke6 28.Bb6 Rd5 29.Re4+ Kd7
30.a5 Rd3+ 31.Re3 hxg4+ 32.Kxg4 Rxe3 33.fxe3 e5 34.Kg5 exf4 35.exf4 Kc6 36.Kxg6 Bc3
37.f5 Kb5 38.Kf7 Be1 39.Ke6 Bh4 40.Kd7 Bf6 41.Bd8 Bc3 42.Ke6 Ka6 43.Bc7 Kb7
44.Be5 Bxa5 45.f6 Kc6 46.Bd6 Bc3 47.f7 Bg7 48.Ba3 Bh6 49.Kf5 Kd7 50.Kg6 Ke6
51.Bb4  1-0

[Event "95th ch-GBR"]
[Site "Liverpool ENG"]
[Date "2008.08.05"]
[Round "8"]
[White "Hawkins,Jo"]
[Black "Knott,S"]
[Result "1-0"]
[WhiteElo "2232"]
[BlackElo "2365"]

1.d4 Nf6 2.c4 g6 3.Nc3 d5 4.cxd5 Nxd5 5.e4 Nxc3 6.bxc3 Bg7 7.Bc4 c5 8.Ne2 O-O
9.Be3 Nc6 10.Rc1 cxd4 11.cxd4 Qa5+ 12.Kf1 Qa3 13.Rc3 Qd6 14.h4 e5 15.d5 Na5
16.Bb5 b6 17.Bc1 Rd8 18.Ba3 Qf6 19.Rf3 Bf5 20.exf5 e4 21.Rg3 Rxd5 22.Qxd5 Rd8
23.Bd7 Nc4 24.Qxc4 Rxd7 25.Kg1 Rd1+ 26.Kh2 Qxh4+ 27.Rh3 Be5+ 28.Ng3 Bxg3+
29.fxg3 Rxh1+ 30.Kxh1 Qd8  1-0

[Event "12th HZ Open"]
[Site "Vlissingen NED"]
[Date "2008.08.05"]
[Round "5"]
[White "Soors,S"]
[Black "Bezemer,A"]
[Result "0-1"]
[WhiteElo "2164"]
[BlackElo "2324"]

1.d4 Nf6 2.c4 g6 3.Nc3 d5 4.cxd5 Nxd5 5.e4 Nxc3 6.bxc3 Bg7 7.Bb5+ c6 8.Ba4 O-O
9.Ne2 Be6 10.O-O Qa5 11.Bb3 Bxb3 12.Qxb3 Qa6 13.Re1 Nd7 14.e5 e6 15.Rb1 b5
16.h4 Rfe8 17.h5 Rab8 18.Ng3 c5 19.hxg6 hxg6 20.Ne4 Qc6 21.Bg5 b4 22.Nd6 bxc3
23.Qxc3 Rxb1 24.Rxb1 Rb8 25.Rxb8+ Nxb8 26.Qa5 cxd4 27.Qd8+ Kh7 28.Ne8 Nd7
29.Nxg7 Kxg7 30.Bf6+ Nxf6 31.exf6+ Kh7 32.Qxd4 Qc1+ 33.Kh2 Qh6+ 34.Kg3 Qg5+
35.Kf3 a5 36.g4 e5 37.Qd6 Qf4+ 38.Ke2 Qxg4+ 39.Ke1 Qe4+ 40.Kf1 Qc4+ 41.Kg2 Qe4+
42.Kf1 Qc4+ 43.Kg2 Qg4+ 44.Kf1 Qe6 45.Qd8 a4 46.Qa8 Qc4+ 47.Kg2 g5 48.Qf8 Qc6+
49.f3 Qxf6 50.Qe8 Qf4 51.Qd7 e4 52.fxe4 Qxe4+ 53.Kg3 Qf4+ 54.Kg2 g4 55.Qd3+ Kg7
56.Qc3+ f6 57.Kg1 g3 58.Qc5 Qf2+ 59.Qxf2 gxf2+ 60.Kxf2 Kg6 61.Kg2 Kf5 62.Kf3 Ke5
63.Ke3 Kd5 64.Kf4 Kc4 65.Kf5 Kc3 66.Kxf6 Kb2 67.Ke5 Kxa2 68.Kd4 Kb2  0-1

[Event "US Open"]
[Site "Dallas USA"]
[Date "2008.08.06"]
[Round "5"]
[White "Battaglini,G"]
[Black "Zhang,E"]
[Result "1-0"]
[WhiteElo "2341"]
[BlackElo "1735"]

1.d4 Nf6 2.c4 g6 3.Nc3 d5 4.cxd5 Nxd5 5.e4 Nxc3 6.bxc3 Bg7 7.Bc4 O-O 8.Ne2 c5
9.O-O Qc7 10.Bf4 e5 11.dxe5 Bxe5 12.Bxe5 Qxe5 13.Bd5 Nd7 14.f4 Qe7 15.c4 Nb6
16.Nc3 Rd8 17.Qe2 Be6 18.Rad1 Rac8 19.a4 Bxd5 20.cxd5 c4 21.Qf3 Qc5+ 22.Kh1 Qa5
23.f5 Rf8 24.e5 Nd7 25.Qg3 Qc7 26.d6 Qd8 27.e6 fxe6 28.fxe6 Rxf1+ 29.Rxf1 Nc5
30.e7 Qd7 31.Qe5  1-0

[Event "95th ch-GBR"]
[Site "Liverpool ENG"]
[Date "2008.08.08"]
[Round "11"]
[White "Hawkins,Jo"]
[Black "Gormally,D"]
[Result "1/2-1/2"]
[WhiteElo "2232"]
[BlackElo "2504"]

1.d4 Nf6 2.c4 g6 3.Nc3 d5 4.cxd5 Nxd5 5.e4 Nxc3 6.bxc3 Bg7 7.Bc4 c5 8.Ne2 Nc6
9.Be3 O-O 10.Rc1 cxd4 11.cxd4 Qa5+ 12.Kf1 Qa3 13.Rc3 Qd6 14.h4 h5 15.f3 Be6
16.Bxe6 Qxe6 17.Qb1 Qd7 18.e5 e6 19.Kf2 Ne7 20.Rb3 b6 21.Bg5 Rac8 22.Qe4 Rc4
23.g4 hxg4 24.fxg4 Qd5 25.Qf3 Qxf3+ 26.Rxf3 Nd5 27.h5 gxh5 28.gxh5 Kh7 29.h6 Bh8
30.Nf4 Rc2+ 31.Kg3 Rg8 32.Kh4 Nxf4 33.Rxf4 Rg2 34.Rxf7+ Kg6 35.h7 Ra8 36.Re7 Rxg5
37.Rxe6+ Kf5 38.Rf1+ Kxe6 39.Kxg5 Rd8 40.Rf4 b5 41.Kh6 a5 42.Rg4 b4 43.Rg8 Ke7
44.Kg5 a4 45.Kf5 b3 46.axb3 axb3 47.Ke4 b2 48.Rg1 Rb8 49.Rb1 Ke6 50.Kd3 Kd5
51.Kc3 Rc8+ 52.Kxb2 Kxd4 53.Rg1 Rc7 54.e6 Rxh7 55.Kc2 Re7 56.Kb3 Rxe6 57.Rd1+ Kc5
58.Rd3 Rb6+ 59.Kc2 Kc4 60.Rd8 Rb2+ 61.Kc1 Rh2 62.Rd2 Rh1+ 63.Kc2 Bd4 64.Rg2 Ra1
65.Rd2 Bc3 66.Re2 Ra6 67.Re4+ Bd4 68.Re2 Ra2+ 69.Kd1 Ra3 70.Kc2 Rf3 71.Rg2 Rc3+
72.Kd2 Ra3 73.Re2 Rd3+ 74.Kc2 Be3 75.Rg2 Rc3+ 76.Kd1 Kd3 77.Rd2+ Ke4 78.Rd8 Rc1+
79.Ke2 Rc2+ 80.Ke1 Rh2 81.Kd1 Bd4 82.Ke1 Kd3 83.Rf8 Ra2 84.Kf1 Be3 85.Rd8+ Ke4
86.Ke1 Bg5 87.Rb8 Kf3 88.Rb3+ Be3 89.Kd1 Rd2+ 90.Ke1 Rd5 91.Rc3 Rd6 92.Ra3 Rc6
93.Rd3 Rg6 94.Kd1 Rg2 95.Rd8 Ke4 96.Rd7 Bd4 97.Rd8 Kd3 98.Re8 Bc5 99.Rd8+ Bd4
100.Re8 Rd2+ 101.Ke1 Ra2 102.Kf1 Rf2+ 103.Ke1 Rf3 104.Kd1  1/2-1/2